000
00311nam a2200121Ia 4500
008
231129s1990||||xx |||||||||||||| ||spa||
082
_a
HAJ- 0300
100
_a
Calamata Danilo
245
0
_a
Este enjambre de palabras
260
_c
1990
264
_a
ChinchinĂ¡ Caldas: San Francisco 1990
942
_2
ddc
_c
BKS
999
_c
13542
_d
13542